<?xml version="1.0" encoding="UTF-8"?>
<collection xmlns="http://www.loc.gov/MARC21/slim">
 <record>
  <leader>06922cam a2200877 c 4500</leader>
  <controlfield tag="001">880581751</controlfield>
  <controlfield tag="003">DE-627</controlfield>
  <controlfield tag="005">20260618002742.0</controlfield>
  <controlfield tag="007">tu</controlfield>
  <controlfield tag="008">170221s2016    fr |||||      00| ||fre c</controlfield>
  <datafield tag="020" ind1=" " ind2=" ">
   <subfield code="a">9782757210833</subfield>
   <subfield code="q">(pbk)</subfield>
   <subfield code="9">978-2-7572-1083-3</subfield>
  </datafield>
  <datafield tag="035" ind1=" " ind2=" ">
   <subfield code="a">(DE-627)880581751</subfield>
  </datafield>
  <datafield tag="035" ind1=" " ind2=" ">
   <subfield code="a">(DE-576)486444775</subfield>
  </datafield>
  <datafield tag="035" ind1=" " ind2=" ">
   <subfield code="a">(DE-599)GBV880581751</subfield>
  </datafield>
  <datafield tag="035" ind1=" " ind2=" ">
   <subfield code="a">(OCoLC)975289048</subfield>
  </datafield>
  <datafield tag="035" ind1=" " ind2=" ">
   <subfield code="a">(OCoLC)975289048</subfield>
  </datafield>
  <datafield tag="035" ind1=" " ind2=" ">
   <subfield code="a">(ZDB-21-EIL)3578347</subfield>
  </datafield>
  <datafield tag="040" ind1=" " ind2=" ">
   <subfield code="a">DE-627</subfield>
   <subfield code="b">ger</subfield>
   <subfield code="c">DE-627</subfield>
   <subfield code="e">rda</subfield>
  </datafield>
  <datafield tag="041" ind1=" " ind2=" ">
   <subfield code="a">fre</subfield>
   <subfield code="a">eng</subfield>
   <subfield code="a">por</subfield>
  </datafield>
  <datafield tag="044" ind1=" " ind2=" ">
   <subfield code="c">XA-FR</subfield>
  </datafield>
  <datafield tag="050" ind1=" " ind2="0">
   <subfield code="a">BX2615.C62</subfield>
  </datafield>
  <datafield tag="082" ind1="0" ind2=" ">
   <subfield code="a">723-724</subfield>
  </datafield>
  <datafield tag="082" ind1="0" ind2=" ">
   <subfield code="a">723724</subfield>
  </datafield>
  <datafield tag="082" ind1="0" ind2=" ">
   <subfield code="a">200.9</subfield>
  </datafield>
  <datafield tag="084" ind1=" " ind2=" ">
   <subfield code="a">KUNST</subfield>
   <subfield code="q">DE-16</subfield>
   <subfield code="2">fid</subfield>
  </datafield>
  <datafield tag="084" ind1=" " ind2=" ">
   <subfield code="a">11.50</subfield>
   <subfield code="2">bkl</subfield>
  </datafield>
  <datafield tag="084" ind1=" " ind2=" ">
   <subfield code="a">21.70</subfield>
   <subfield code="2">bkl</subfield>
  </datafield>
  <datafield tag="111" ind1="2" ind2=" ">
   <subfield code="a">Le temps long de Clairvaux. Nouvelles recherches, nouvelles perspectives (XIIe-XXIe siècle)</subfield>
   <subfield code="g">Veranstaltung</subfield>
   <subfield code="d">2015</subfield>
   <subfield code="c">Troyes</subfield>
   <subfield code="j">VerfasserIn</subfield>
   <subfield code="0">(DE-588)1128160048</subfield>
   <subfield code="0">(DE-627)882511580</subfield>
   <subfield code="0">(DE-576)48570577X</subfield>
   <subfield code="4">aut</subfield>
  </datafield>
  <datafield tag="245" ind1="1" ind2="3">
   <subfield code="a">Le temps long de Clairvaux</subfield>
   <subfield code="b">nouvelles recherches, nouvelles perspectives : (XIIe-XXIe siècle)</subfield>
   <subfield code="c">édité par Arnaud Baudin et Alexis Grélois</subfield>
  </datafield>
  <datafield tag="246" ind1="1" ind2=" ">
   <subfield code="i">Titelzusatz vom Titelvorblatt</subfield>
   <subfield code="a">Actes du colloque international, Troyes-Abbaye de Clairvaux, 16-18 juin 2015</subfield>
  </datafield>
  <datafield tag="264" ind1=" " ind2="1">
   <subfield code="a">[Troyes]</subfield>
   <subfield code="b">Aube en Champagne, le Département</subfield>
   <subfield code="c">[2016]</subfield>
  </datafield>
  <datafield tag="264" ind1=" " ind2="1">
   <subfield code="a">Paris</subfield>
   <subfield code="b">Somogy éditions d'art</subfield>
   <subfield code="c">[2016]</subfield>
  </datafield>
  <datafield tag="264" ind1=" " ind2="4">
   <subfield code="c">© 2016</subfield>
  </datafield>
  <datafield tag="300" ind1=" " ind2=" ">
   <subfield code="a">408 Seiten</subfield>
   <subfield code="b">Illustrationen, Karten</subfield>
   <subfield code="c">24 cm</subfield>
  </datafield>
  <datafield tag="336" ind1=" " ind2=" ">
   <subfield code="a">Text</subfield>
   <subfield code="b">txt</subfield>
   <subfield code="2">rdacontent</subfield>
  </datafield>
  <datafield tag="337" ind1=" " ind2=" ">
   <subfield code="a">ohne Hilfsmittel zu benutzen</subfield>
   <subfield code="b">n</subfield>
   <subfield code="2">rdamedia</subfield>
  </datafield>
  <datafield tag="338" ind1=" " ind2=" ">
   <subfield code="a">Band</subfield>
   <subfield code="b">nc</subfield>
   <subfield code="2">rdacarrier</subfield>
  </datafield>
  <datafield tag="500" ind1=" " ind2=" ">
   <subfield code="a">&quot;Le colloque Le Temps long de Clairvaux. Nouvelles recherches, nouvelles perspectives (XIIe-XXIe siècle)&quot; - Titelrückseite</subfield>
  </datafield>
  <datafield tag="500" ind1=" " ind2=" ">
   <subfield code="a">Includes bibliographical references and index</subfield>
  </datafield>
  <datafield tag="505" ind1="8" ind2=" ">
   <subfield code="a">Introduction : &quot;Lorsque vous voudrez savoir quelque chose de vrai sur tous les Aventuriers de la terre ...&quot; -- Généalogie de l'aventure -- Paladin, reître, picaro, aventurier : du chevalier errant au chevalier d'industrie -- Racines lointaines -- Un sens oublié. L'aventure comme revenu futur -- L'aventure chevaleresque -- De l'aventure marchande au chevalier d'industrie -- Identité du sujet et récursivité de l'aventure -- Entrée des aventuriers. Les Grandes compagnies -- Une mutation picaresque? -- L'âge classique et les trois aventures. Guerrière, commerciale, amoureuse -- Échappées lointaines. Le retour des pirates -- Les aventuriers au XVIIIe siècle. Un choc entre deux systèmes de valeur -- Le siècle des aventuriers -- Une position sociale floue -- L'aventurier caméléon -- Le spécialiste universel -- &quot;Tromper un sot enfin est un exploit digne d'un homme d'esprit&quot; -- Courage physique et virtù -- Les moments de gloire aventurière -- Le jeu, source de revenus et pierre angulaire de la vie des aventuriers -- La société des aventuriers dans l'histoire de ma vie -- L'exemple de Medini -- Sémiologie aventurière -- Les reconnaissances -- Une géographie aventurière (Venise, Paris, Spa ...) -- Compétition -- Collaboration -- Un univers fortement hiérarchisé -- Le jugement du siècle et l'art casanovien de la représentation de soi -- Heurs et malheurs de la notoriété aventurière -- L'art de se mettre en scène -- La transformation casanovienne de l'aventure -- L'aventure amoureuse -- Des aventuriers dans un nouvel âge technologique. Le voyage et l'argent -- Habiter le présent -- Le nouvel individu et sa morale.</subfield>
  </datafield>
  <datafield tag="520" ind1=" " ind2=" ">
   <subfield code="a">&quot;&quot;Lorsque vous voudrez savoir quelque chose de vrai sur tous les aventuriers de la terre, nos contemporains, venez chez moi, car je les ai tous connus funditus in cute, écrit Casanova au soir de sa vie. Le Vénitien ne ment pas : les membres de cette caste chamarrée si typique du XVIIIe siècle qui n'ont pas croisé sa route se Comptent sur les doigts d'une main. Pour les ressaisir ans leur singularité, un détour historique s'impose : il permettra de mesurer que la distance entre le chevalier et le chevalier d'industrie est moins grande qu'on le pense. C'est seulement à la lumière de ce détour que peut éclater la grande originalité de la pensée casanovienne, et la profonde liberté de sa leçon.&quot;--Page 4 of cover</subfield>
  </datafield>
  <datafield tag="546" ind1=" " ind2=" ">
   <subfield code="a">Beiträge teilweise in Französisch, teilweise in Englisch und teilweise in Portugiesisch</subfield>
  </datafield>
  <datafield tag="583" ind1="1" ind2=" ">
   <subfield code="a">Archivierung/Langzeitarchivierung gewährleistet</subfield>
   <subfield code="f">FID</subfield>
   <subfield code="x">XA-DE-BW</subfield>
   <subfield code="2">pdager</subfield>
   <subfield code="5">DE-16</subfield>
  </datafield>
  <datafield tag="600" ind1="1" ind2="0">
   <subfield code="a">Bernard</subfield>
   <subfield code="c">of Clairvaux, Saint</subfield>
   <subfield code="d">1090 or 1091-1153</subfield>
   <subfield code="v">Congresses</subfield>
  </datafield>
  <datafield tag="600" ind1="1" ind2="0">
   <subfield code="a">Bernard</subfield>
   <subfield code="c">of Clairvaux, Saint</subfield>
   <subfield code="d">1090 or 1091-1153</subfield>
   <subfield code="x">Influence</subfield>
   <subfield code="v">Congresses</subfield>
  </datafield>
  <datafield tag="600" ind1="1" ind2="0">
   <subfield code="a">Bernard 1090 or 1091-1153</subfield>
   <subfield code="x">Congresses</subfield>
  </datafield>
  <datafield tag="600" ind1="1" ind2="0">
   <subfield code="a">Bernard 1090 or 1091-1153</subfield>
   <subfield code="x">Congresses</subfield>
   <subfield code="x">Influence</subfield>
   <subfield code="x">Bernard 1090 or 1091-1153</subfield>
  </datafield>
  <datafield tag="610" ind1="1" ind2="0">
   <subfield code="a">Cistercians</subfield>
   <subfield code="v">Congresses</subfield>
  </datafield>
  <datafield tag="610" ind1="1" ind2="0">
   <subfield code="a">Clairvaux (Abbey)</subfield>
   <subfield code="x">History</subfield>
   <subfield code="v">Congresses</subfield>
  </datafield>
  <datafield tag="610" ind1="2" ind2="0">
   <subfield code="a">Clairvaux (Abbey)</subfield>
   <subfield code="x">Congresses</subfield>
   <subfield code="x">History</subfield>
  </datafield>
  <datafield tag="610" ind1="2" ind2="0">
   <subfield code="a">Cistercians</subfield>
   <subfield code="x">Congresses</subfield>
   <subfield code="x">Cistercians</subfield>
   <subfield code="x">Clairvaux (Abbey)</subfield>
  </datafield>
  <datafield tag="650" ind1=" " ind2="0">
   <subfield code="a">Monasticism and religious orders</subfield>
   <subfield code="z">Europe</subfield>
   <subfield code="x">History</subfield>
   <subfield code="v">Congresses</subfield>
  </datafield>
  <datafield tag="650" ind1=" " ind2="0">
   <subfield code="a">Monasticism and religious orders</subfield>
   <subfield code="x">Congresses</subfield>
   <subfield code="x">History</subfield>
   <subfield code="x">Europe</subfield>
  </datafield>
  <datafield tag="650" ind1=" " ind2="0">
   <subfield code="a">Influence (Literary, artistic, etc.)</subfield>
  </datafield>
  <datafield tag="650" ind1=" " ind2="0">
   <subfield code="a">Monasticism and religious orders</subfield>
   <subfield code="x">Europe</subfield>
  </datafield>
  <datafield tag="655" ind1=" " ind2="7">
   <subfield code="a">Konferenzschrift</subfield>
   <subfield code="y">2015</subfield>
   <subfield code="z">Troyes</subfield>
   <subfield code="0">(DE-588)1071861417</subfield>
   <subfield code="0">(DE-627)826484824</subfield>
   <subfield code="0">(DE-576)433375485</subfield>
   <subfield code="2">gnd-content</subfield>
  </datafield>
  <datafield tag="655" ind1=" " ind2="7">
   <subfield code="a">Konferenzschrift</subfield>
   <subfield code="y">16.06.2015-18.06.2015</subfield>
   <subfield code="z">Troyes</subfield>
   <subfield code="0">(DE-588)1071861417</subfield>
   <subfield code="0">(DE-627)826484824</subfield>
   <subfield code="0">(DE-576)433375485</subfield>
   <subfield code="2">gnd-content</subfield>
  </datafield>
  <datafield tag="655" ind1=" " ind2="7">
   <subfield code="a">Aufsatzsammlung</subfield>
   <subfield code="0">(DE-588)4143413-4</subfield>
   <subfield code="0">(DE-627)105605727</subfield>
   <subfield code="0">(DE-576)209726091</subfield>
   <subfield code="2">gnd-content</subfield>
  </datafield>
  <datafield tag="689" ind1="0" ind2="0">
   <subfield code="d">b</subfield>
   <subfield code="0">(DE-588)3023813-4</subfield>
   <subfield code="0">(DE-627)713089407</subfield>
   <subfield code="0">(DE-576)195017382</subfield>
   <subfield code="a">Kloster Clairvaux</subfield>
   <subfield code="2">gnd</subfield>
  </datafield>
  <datafield tag="689" ind1="0" ind2="1">
   <subfield code="d">b</subfield>
   <subfield code="0">(DE-588)1008453-8</subfield>
   <subfield code="0">(DE-627)10312442X</subfield>
   <subfield code="0">(DE-576)191177571</subfield>
   <subfield code="a">Zisterzienser</subfield>
   <subfield code="2">gnd</subfield>
  </datafield>
  <datafield tag="689" ind1="0" ind2="2">
   <subfield code="a">z</subfield>
   <subfield code="2">gnd</subfield>
   <subfield code="a">Geschichte</subfield>
  </datafield>
  <datafield tag="689" ind1="0" ind2=" ">
   <subfield code="5">(DE-627)</subfield>
  </datafield>
  <datafield tag="700" ind1="1" ind2=" ">
   <subfield code="a">Baudin, Arnaud</subfield>
   <subfield code="d">1973-</subfield>
   <subfield code="e">HerausgeberIn</subfield>
   <subfield code="0">(DE-588)102580290X</subfield>
   <subfield code="0">(DE-627)724282017</subfield>
   <subfield code="0">(DE-576)370796950</subfield>
   <subfield code="4">edt</subfield>
  </datafield>
  <datafield tag="700" ind1="1" ind2=" ">
   <subfield code="a">Grélois, Alexis</subfield>
   <subfield code="d">1970-</subfield>
   <subfield code="e">HerausgeberIn</subfield>
   <subfield code="0">(DE-588)1126754668</subfield>
   <subfield code="0">(DE-627)881340111</subfield>
   <subfield code="0">(DE-576)484767062</subfield>
   <subfield code="4">edt</subfield>
  </datafield>
  <datafield tag="787" ind1="0" ind2="8">
   <subfield code="i">Rezensiert in</subfield>
   <subfield code="a">Wallerich, François</subfield>
   <subfield code="t">[Rezension von: Arnaud Baudin (Hrsg.), Le temps long de Clairvaux. Nouvelles recherches, nouvelles perspectives (XIIe-XXIe siècle)]</subfield>
   <subfield code="d">2017</subfield>
   <subfield code="w">(DE-627)1811484182</subfield>
  </datafield>
  <datafield tag="856" ind1="4" ind2="2">
   <subfield code="u">https://swbplus.bsz-bw.de/bsz486444775inh.htm</subfield>
   <subfield code="m">B:DE-576;DE-16</subfield>
   <subfield code="q">application/pdf</subfield>
   <subfield code="v">20170427142623</subfield>
   <subfield code="x">Verlag</subfield>
   <subfield code="3">Inhaltsverzeichnis</subfield>
   <subfield code="7">1</subfield>
  </datafield>
  <datafield tag="856" ind1="4" ind2="2">
   <subfield code="u">http://www.sehepunkte.de/2018/06/30220.html</subfield>
   <subfield code="m">V:DE-576;X:Sehepunkte</subfield>
   <subfield code="q">text/html</subfield>
   <subfield code="v">20180720102639</subfield>
   <subfield code="3">Rezension</subfield>
   <subfield code="7">1</subfield>
  </datafield>
  <datafield tag="935" ind1=" " ind2=" ">
   <subfield code="i">Blocktest</subfield>
  </datafield>
  <datafield tag="936" ind1="b" ind2="k">
   <subfield code="a">11.50</subfield>
   <subfield code="j">Kirchengeschichte</subfield>
   <subfield code="j">Dogmengeschichte</subfield>
   <subfield code="0">(DE-627)106403877</subfield>
  </datafield>
  <datafield tag="936" ind1="b" ind2="k">
   <subfield code="a">21.70</subfield>
   <subfield code="j">Geschichte der Sakralbaukunst</subfield>
   <subfield code="0">(DE-627)106421255</subfield>
  </datafield>
  <datafield tag="951" ind1=" " ind2=" ">
   <subfield code="a">BO</subfield>
  </datafield>
  <datafield tag="990" ind1=" " ind2=" ">
   <subfield code="a">Kloster Clairvaux</subfield>
  </datafield>
  <datafield tag="990" ind1=" " ind2=" ">
   <subfield code="a">Zisterzienser</subfield>
  </datafield>
  <datafield tag="990" ind1=" " ind2=" ">
   <subfield code="a">Geschichte</subfield>
  </datafield>
  <datafield tag="991" ind1=" " ind2=" ">
   <subfield code="a">Rezensiertes Werk</subfield>
  </datafield>
  <datafield tag="999" ind1=" " ind2=" ">
   <subfield code="a">KXP-PPN880581751</subfield>
   <subfield code="e">4172867898</subfield>
  </datafield>
 </record>
</collection>
